Essentials of Production and Operations Management. (Record no. 349090)

000 -LEADER
fixed length control field 00428 a2200169 4500
020 ## - INTERNATIONAL STANDARD BOOK NUMBER
International Standard Book Number 0304331309
022 ## - INTERNATIONAL STANDARD SERIAL NUMBER
International Standard Serial Number 9780304331307
082 ## - DEWEY DECIMAL CLASSIFICATION NUMBER
Classification number 658.5
090 ## - LOCALLY ASSIGNED LC-TYPE CALL NUMBER (OCLC); LOCAL CALL NUMBER (RLIN)
-- 6740
-- 6740
100 ## - MAIN ENTRY--PERSONAL NAME
Personal name Wild,Ray
245 ## - TITLE STATEMENT
Title Essentials of Production and Operations Management.
Remainder of title Text and Cases
Statement of responsibility, etc. Ray Wild
250 ## - EDITION STATEMENT
Edition statement 4th.
260 ## - PUBLICATION, DISTRIBUTION, ETC.
Place of publication, distribution, etc. New York
Name of publisher, distributor, etc. Cassell
Date of publication, distribution, etc. 1995
300 ## - PHYSICAL DESCRIPTION
Extent 518p.
500 ## - GENERAL NOTE
General note Paper cover
942 ## - ADDED ENTRY ELEMENTS (KOHA)
Institution code [OBSOLETE] NBS
Koha item type Book
Call number prefix 658.5 WIL
Holdings
Withdrawn status Lost status Damaged status Not for loan Permanent Location Current Location Date acquired Total Checkouts Full call number Barcode Date last seen Price effective from Koha item type
        Central Library (CL) Central Library (CL) 08/28/2013   658.5 WIL NBS394 08/28/2013 08/28/2013 Book
© 2023 Central Library, National University of Sciences and Technology. All Rights Reserved.